Statistics for Footballers by Career - Anderlecht

Click here to take the quiz!

General Stats

  • This quiz has been taken 32 times
  • The average score is 4 of 10

Answer Stats

Player% Correct
Dennis Praet
80%
Cheikhou Kouyaté
77%
Matías Suárez
43%
Jelle Van Damme
40%
Marcin Wasilewski
40%
Guillaume Gillet
37%
Luc Nilis
37%
Bart Goor
30%
Aruna Dindane
27%
Youri Tielemens
17%

Score Distribution

Percentile by Number Answered

Percent of People with Each Score

Your Score History

You have not taken this quiz